[Event "Vall del Tenes op 8th"]
[Site "Vall del Tenes"]
[Date "2019.04.26"]
[Round "1"]
[White "Barea Serra, Josep"]
[Black "Bosch Porta, David"]
[Result "0-1"]
[WhiteElo "1648"]
[BlackElo "2154"]
[PlyCount "74"]
[EventDate "2019.04.26"]
[EventType "swiss"]
[EventRounds "8"]
[EventCountry "ESP"]
[SourceTitle "EXT 2020"]
[Source "ChessBase"]
[SourceDate "2019.10.17"]
[SourceVersion "1"]
[SourceVersionDate "2019.10.17"]
[SourceQuality "1"]

1. Nf3 d5 2. b3 Bf5 3. Bb2 e6 4. e3 h6 5. d4 Nf6 6. Bd3 Ne4 7. 0-0 Nd7 8. c4 Be7 9. Nc3 Ndf6 10. Ne5 0-0 11. Bxe4 Nxe4 12. cxd5 Nxc3 13. Bxc3 exd5 14. Qh5 Bh7 15. f4 Be4 16. Ba5 Qd6 17. a3 c5 18. Bc3 Rac8 19. Rf2 Qd8 20. Qg4 f5 21. Qd1 Rf6 22. b4 cxb4 23. Bxb4 Bxb4 24. axb4 a6 25. Ra5 Rc3 26. Qd2 Qc7 27. Rc5 Rxc5 28. dxc5 Re6 29. Qb2 Kh7 30. Qa2 Qc8 31. Qe2 Qe8 32. Qa2 Qh5 33. Qe2 Qe8 34. Qa2 Re7 35. Qb2 Qa4 36. Rd2 Rc7 37. Qa2 Qxb4 0-1

[Event "Santa Eulalia Vall del Tenes op 7th"]
[Site "Santa Eulalia de Roncana"]
[Date "2018.06.01"]
[Round "7.1"]
[White "Ortega Serra, Marc"]
[Black "Bosch Porta, David"]
[Result "1-0"]
[WhiteElo "2248"]
[BlackElo "2134"]
[PlyCount "79"]
[EventDate "2018.04.06"]
[EventType "swiss"]
[EventRounds "8"]
[EventCountry "ESP"]
[SourceTitle "EXT 2024"]
[Source "ChessBase"]
[SourceDate "2023.10.10"]
[SourceVersion "1"]
[SourceVersionDate "2023.10.10"]
[SourceQuality "1"]

1. d4 g6 2. e4 Bg7 3. c4 c5 4. d5 d6 5. f4 Nf6 6. Nc3 0-0 7. Nf3 e6 8. dxe6 Bxe6 9. Bd3 Re8 10. 0-0 Nc6 11. f5 Bc8 12. Bg5 h6 13. Bc1 gxf5 14. exf5 Ne7 15. Bf4 Nxf5 16. Qd2 d5 17. Bxf5 Bxf5 18. cxd5 Ne4 19. Nxe4 Bxe4 20. Rad1 Qb6 21. d6 Rad8 22. Bxh6 Re6 23. Bxg7 Kxg7 24. Ng5 Rdxd6 25. Qc3+ Kg8 26. Nxe6 Rxe6 27. Rfe1 c4+ 28. Qd4 f5 29. Qxb6 Rxb6 30. Rd2 Bd3 31. b3 Ra6 32. bxc4 Bxc4 33. Re7 Bf7 34. Rxb7 Rxa2 35. Rxa2 Bxa2 36. Rxa7 Bb1 37. Kf2 Kf8 38. Ke3 Kg8 39. Kf4 Kf8 40. Ra5 1-0

[Event "Vall del Tenes op 6th"]
[Site "Santa Eulalia de Roncana"]
[Date "2017.05.19"]
[Round "5"]
[White "Bosch Porta, David"]
[Black "Costa Trave, Jaume"]
[Result "1-0"]
[WhiteElo "2131"]
[BlackElo "1985"]
[PlyCount "33"]
[EventDate "2017.04.21"]
[EventType "swiss"]
[EventRounds "8"]
[EventCountry "ESP"]
[SourceTitle "CBM 189 Extra"]
[Source "ChessBase"]
[SourceDate "2019.06.03"]
[SourceVersion "1"]
[SourceVersionDate "2019.06.03"]
[SourceQuality "1"]

1. Nf3 Nc6 2. e4 e6 3. d4 d5 4. Nbd2 Nf6 5. e5 Nd7 6. Bb5 Ne7 7. c3 a6 8. Bd3 c5 9. 0-0 Nc6 10. Re1 Be7 11. Nf1 Qb6 12. dxc5 Bxc5 13. Qe2 0-0 14. Bxh7+ Kxh7 15. Ng5+ Kg6 16. Qc2+ f5 17. exf6+ 1-0

[Event "Mollet del Valles op 4th"]
[Site "Mollet del Valles"]
[Date "2016.11.18"]
[Round "8"]
[White "Bosch Porta, David"]
[Black "Martin Ares, Miguel Angel"]
[Result "1-0"]
[WhiteElo "2185"]
[BlackElo "1746"]
[PlyCount "43"]
[EventDate "2016.09.30"]
[EventType "swiss"]
[EventRounds "9"]
[EventCountry "ESP"]
[SourceTitle "EXT 2018"]
[Source "ChessBase"]
[SourceDate "2017.10.13"]
[SourceVersion "1"]
[SourceVersionDate "2017.10.13"]
[SourceQuality "1"]

1. e4 e5 2. Nf3 Nc6 3. Bb5 a6 4. Ba4 Nf6 5. 0-0 Be7 6. Re1 b5 7. Bb3 0-0 8. a4 Bb7 9. Nc3 b4 10. Nd5 a5 11. c3 Rb8 12. d3 h6 13. Nxe7+ Qxe7 14. Nh4 Kh7 15. Nf5 Qe8 16. Qf3 Ne7 17. Nxg7 Kxg7 18. Bxh6+ Kxh6 19. Qxf6+ Ng6 20. Re3 Kh7 21. Rh3+ Kg8 22. Qxg6# 1-0

[Event "Mollet del Valles op 4th"]
[Site "Mollet del Valles"]
[Date "2016.11.11"]
[Round "7"]
[White "Morais Carreras, Javier"]
[Black "Bosch Porta, David"]
[Result "1-0"]
[WhiteElo "1970"]
[BlackElo "2185"]
[PlyCount "43"]
[EventDate "2016.09.30"]
[EventType "swiss"]
[EventRounds "9"]
[EventCountry "ESP"]
[SourceTitle "EXT 2018"]
[Source "ChessBase"]
[SourceDate "2017.10.13"]
[SourceVersion "1"]
[SourceVersionDate "2017.10.13"]
[SourceQuality "1"]

1. e4 Nc6 2. Nf3 e6 3. d4 d5 4. Nbd2 Nf6 5. e5 Nd7 6. Bb5 f6 7. Qe2 fxe5 8. dxe5 Ncb8 9. Nb3 c6 10. Bd3 Be7 11. h4 Nf8 12. Ng5 Na6 13. Qh5+ g6 14. Qh6 Bxg5 15. Qg7 Bxc1 16. Rxc1 Nb4 17. Qxh8 Nxa2 18. Rd1 a5 19. h5 Qg5 20. hxg6 hxg6 21. Rh3 Qe7 22. Rf3 1-0

[Event "Mollet del Valles op 4th"]
[Site "Mollet del Valles"]
[Date "2016.10.21"]
[Round "4"]
[White "Bosch Porta, David"]
[Black "Molano Lafuente, Ismael"]
[Result "1/2-1/2"]
[WhiteElo "2185"]
[BlackElo "1894"]
[PlyCount "74"]
[EventDate "2016.09.30"]
[EventType "swiss"]
[EventRounds "9"]
[EventCountry "ESP"]
[SourceTitle "EXT 2018"]
[Source "ChessBase"]
[SourceDate "2017.10.13"]
[SourceVersion "1"]
[SourceVersionDate "2017.10.13"]
[SourceQuality "1"]

1. e4 e5 2. Nf3 f5 3. exf5 e4 4. Ng1 Nf6 5. d4 d5 6. g4 Bd6 7. g5 Ng8 8. Qh5+ Kf8 9. Bh3 Nc6 10. Be3 Nce7 11. f6 gxf6 12. gxf6 Nxf6 13. Bh6+ Kg8 14. Qg5+ Ng6 15. Bxc8 Rxc8 16. Qf5 Kf7 17. Nd2 Qd7 18. Qxd7+ Nxd7 19. Nh3 Nf6 20. f3 Rhe8 21. fxe4 Nxe4 22. 0-0-0 Nxd2 23. Rxd2 Bf8 24. Ng5+ Kg8 25. Bxf8 Rxf8 26. h4 h6 27. Ne6 Rf6 28. Nc5 b6 29. Nd3 Rcf8 30. Rdd1 Nf4 31. Ne5 Re8 32. c3 Kh7 33. Kc2 Ng6 34. Nd3 Nf4 35. Ne5 Ng6 36. Nd3 Nf4 37. Ne5 Ng6 1/2-1/2

[Event "Mollet del Valles op 4th"]
[Site "Mollet del Valles"]
[Date "2016.09.30"]
[Round "1"]
[White "Sierra Casado, Manuel"]
[Black "Bosch Porta, David"]
[Result "0-1"]
[WhiteElo "1852"]
[BlackElo "2185"]
[PlyCount "90"]
[EventDate "2016.09.30"]
[EventType "swiss"]
[EventRounds "9"]
[EventCountry "ESP"]
[SourceTitle "EXT 2018"]
[Source "ChessBase"]
[SourceDate "2017.10.13"]
[SourceVersion "1"]
[SourceVersionDate "2017.10.13"]
[SourceQuality "1"]

1. d4 g6 2. e4 Bg7 3. Nf3 c6 4. Be3 d5 5. exd5 cxd5 6. c3 Nh6 7. Be2 Nc6 8. 0-0 f6 9. Re1 0-0 10. Qd2 Nf7 11. c4 dxc4 12. Bxc4 Bg4 13. Be2 Be6 14. Nc3 Nb4 15. Rad1 Nd5 16. Ne4 Nd6 17. Nc5 Bf7 18. Bh6 b6 19. Bxg7 Kxg7 20. Nb3 a5 21. h3 Nb4 22. Nc1 Rc8 23. Bd3 Nxa2 24. Bb1 Nxc1 25. Rxc1 Qd7 26. Qe3 Rxc1 27. Rxc1 Rc8 28. Re1 Rc7 29. Be4 Nxe4 30. Qxe4 Bd5 31. Qe3 Bxf3 32. gxf3 Qd5 33. Re2 Rd7 34. Kf1 Qxd4 35. Qxd4 Rxd4 36. Rxe7+ Kh6 37. Re4 Rxe4 38. fxe4 Kg5 39. Ke2 Kf4 40. f3 b5 41. h4 b4 42. b3 h5 43. Kd3 Kxf3 44. Kd4 Kf4 45. Kd5 a4 0-1

[Event "Barcelona Vila de Gracia op 7th"]
[Site "Barcelona"]
[Date "2013.11.15"]
[Round "5"]
[White "Bosch Porta, David"]
[Black "Fentes Caceres, Daniel"]
[Result "1-0"]
[WhiteElo "2202"]
[BlackElo "1737"]
[PlyCount "73"]
[EventDate "2013.10.11"]
[EventType "swiss"]
[EventRounds "9"]
[EventCountry "ESP"]
[SourceTitle "EXT 2015"]
[Source "ChessBase"]
[SourceDate "2014.11.20"]
[SourceVersion "1"]
[SourceVersionDate "2014.11.20"]
[SourceQuality "1"]

1. e4 e5 2. Nf3 Nc6 3. Bb5 a6 4. Ba4 Nf6 5. 0-0 Nxe4 6. d4 b5 7. d5 Na5 8. Re1 Nf6 9. Nxe5 Be7 10. Bb3 0-0 11. Qd2 Nxb3 12. axb3 Bd6 13. c4 Re8 14. Nd3 Rxe1+ 15. Qxe1 Bb7 16. Nc3 c6 17. c5 Bf8 18. d6 h6 19. Bd2 a5 20. b4 a4 21. Ne4 Nd5 22. Qe2 g6 23. g4 Bg7 24. f4 a3 25. Rxa3 Rxa3 26. bxa3 Qa8 27. Bc1 Qa4 28. Ne5 Bc8 29. g5 h5 30. Qd3 Kf8 31. Kf2 Ke8 32. Kg3 Kf8 33. Bb2 Nxb4 34. Qc3 Nd5 35. Nxg6+ Ke8 36. Qxg7 Qb3+ 37. Kh4 1-0

[Event "Barcelona Vila de Gracia op 7th"]
[Site "Barcelona"]
[Date "2013.11.08"]
[Round "4"]
[White "Bosch Porta, David"]
[Black "Padros Martinez, Albert"]
[Result "1-0"]
[WhiteElo "2202"]
[BlackElo "1931"]
[PlyCount "55"]
[EventDate "2013.10.11"]
[EventType "swiss"]
[EventRounds "9"]
[EventCountry "ESP"]
[SourceTitle "EXT 2015"]
[Source "ChessBase"]
[SourceDate "2014.11.20"]
[SourceVersion "1"]
[SourceVersionDate "2014.11.20"]
[SourceQuality "1"]

1. e4 c5 2. Nc3 g6 3. Nge2 Bg7 4. d4 cxd4 5. Nxd4 a6 6. a4 d6 7. g3 Nf6 8. Bg2 0-0 9. h3 Nc6 10. Nde2 Rb8 11. 0-0 b5 12. axb5 axb5 13. Nd5 Nxd5 14. exd5 Ne5 15. Ra2 Bd7 16. b3 Be8 17. Nd4 Ra8 18. Rxa8 Qxa8 19. f4 Nd7 20. Nc6 Nb8 21. Nxe7+ Kh8 22. Re1 Bf6 23. Kh2 Qb7 24. Nc6 Kg7 25. Ba3 Nxc6 26. dxc6 Bxc6 27. Qxd6 Rc8 28. Qxf6+ 1-0

[Event "Barcelona op 09"]
[Site "Barcelona"]
[Date "2011.10.14"]
[Round "3"]
[White "Gonzalez Rodriguez, Raul Omar"]
[Black "Bosch Porta, David"]
[Result "1-0"]
[WhiteElo "2278"]
[BlackElo "2200"]
[PlyCount "83"]
[EventDate "2011.09.30"]
[EventType "swiss"]
[EventRounds "6"]
[EventCountry "ESP"]
[SourceTitle "EXT 2013"]
[Source "ChessBase"]
[SourceDate "2012.11.22"]
[SourceVersion "1"]
[SourceVersionDate "2012.11.22"]
[SourceQuality "1"]

1. d4 f5 2. Nc3 Nf6 3. Bg5 e6 4. e4 fxe4 5. Bxf6 Qxf6 6. Nxe4 Qh6 7. Bd3 Nc6 8. c3 d5 9. Ng3 Bd7 10. Nf3 Bd6 11. Qe2 0-0 12. Kd1 e5 13. dxe5 Rae8 14. Bb5 Bg4 15. Qd2 Bxf3+ 16. gxf3 Qxd2+ 17. Kxd2 Rxe5 18. Be2 Ree8 19. Rhg1 Bf4+ 20. Kd1 Re7 21. a4 Ne5 22. a5 Bh6 23. a6 b6 24. Kc2 Nxf3 25. Rg2 c6 26. c4 dxc4 27. Bxc4+ Kh8 28. Nf5 Rc7 29. Rg3 Ne5 30. Be6 Bg5 31. h4 Bf6 32. h5 Re8 33. Ba2 g6 34. Nd6 Rf8 35. f4 Ng4 36. hxg6 hxg6 37. Rag1 Be7 38. Rh3+ Kg7 39. Nf7 Rxf7 40. Rxg4 Rf6 41. Rgh4 Rf5 42. Rh7+ 1-0

[Event "Barcelona Tres Peons op 13th"]
[Site "Barcelona"]
[Date "2011.02.18"]
[Round "7"]
[White "Bosch Porta, David"]
[Black "Vallbona Domingo, Joan"]
[Result "1-0"]
[WhiteElo "2199"]
[BlackElo "1982"]
[PlyCount "73"]
[EventDate "2011.01.07"]
[EventType "swiss"]
[EventRounds "9"]
[EventCountry "ESP"]
[SourceTitle "EXT 2012"]
[Source "ChessBase"]
[SourceDate "2011.11.24"]
[SourceVersion "1"]
[SourceVersionDate "2011.11.24"]
[SourceQuality "1"]

1. Nf3 c5 2. c4 b6 3. b3 Bb7 4. Bb2 d6 5. g3 Nd7 6. Bg2 Ngf6 7. 0-0 g6 8. d4 cxd4 9. Nxd4 Bxg2 10. Kxg2 Qc8 11. Nc3 Qb7+ 12. f3 Bg7 13. e4 0-0 14. Qd2 Nc5 15. Nd5 e6 16. Nxf6+ Bxf6 17. Rad1 a6 18. Nf5 Bxb2 19. Nxd6 Qc6 20. Qxb2 Rad8 21. e5 f6 22. b4 Nd7 23. Ne4 fxe5 24. Rd6 Qc7 25. Rfd1 Nb8 26. Rxd8 Rxd8 27. Rxd8+ Qxd8 28. Qxe5 Nd7 29. Qxe6+ Kg7 30. Qd6 Qe8 31. Qd4+ Kh6 32. h4 Qe6 33. g4 Ne5 34. g5+ Kg7 35. f4 Qg4+ 36. Ng3 Qf3+ 37. Kh2 1-0

[Event "Barcelona Tres Peons op 13th"]
[Site "Barcelona"]
[Date "2011.01.07"]
[Round "1"]
[White "Hernandez Lopez, Jose Miguel"]
[Black "Bosch Porta, David"]
[Result "0-1"]
[WhiteElo "1798"]
[BlackElo "2199"]
[PlyCount "34"]
[EventDate "2011.01.07"]
[EventType "swiss"]
[EventRounds "9"]
[EventCountry "ESP"]
[SourceTitle "EXT 2012"]
[Source "ChessBase"]
[SourceDate "2011.11.24"]
[SourceVersion "1"]
[SourceVersionDate "2011.11.24"]
[SourceQuality "1"]

1. e4 e6 2. d4 d5 3. exd5 exd5 4. Bd3 Nc6 5. c3 Nge7 6. Ne2 Bf5 7. 0-0 Qd7 8. Ng3 Bxd3 9. Qxd3 h5 10. Re1 h4 11. Nf5 0-0-0 12. Bg5 Nxf5 13. Bxd8 Nxd8 14. Re5 g6 15. Qf3 c6 16. Nd2 Bd6 17. Re2 Ne6 0-1

[Event "Catalunya-chT"]
[Site "Spain"]
[Date "2004.??.??"]
[Round "?"]
[White "Bosch Porta, David"]
[Black "Monraba Capella, Miguel"]
[Result "0-1"]
[WhiteElo "2234"]
[BlackElo "2162"]
[PlyCount "94"]
[EventDate "2004.??.??"]
[EventType "team"]
[EventRounds "9"]
[EventCountry "ESP"]
[SourceTitle "EXT 2007"]
[Source "ChessBase"]
[SourceDate "2006.11.23"]
[SourceVersion "1"]
[SourceVersionDate "2006.11.23"]
[SourceQuality "1"]

1. e4 c5 2. Nc3 Nc6 3. Nge2 e6 4. g3 g6 5. d4 cxd4 6. Nxd4 a6 7. Nxc6 bxc6 8. e5 Qa5 9. Qe2 Bg7 10. f4 d5 11. Bd2 Qc7 12. Bg2 a5 13. Na4 Ne7 14. Qf2 Rb8 15. Be3 f6 16. exf6 Bxf6 17. 0-0 Nf5 18. Bc5 Rb5 19. c3 h5 20. Rfe1 Kf7 21. Bb6 Qb8 22. Bf1 d4 23. Bxb5 cxb5 24. Bxd4 Nxd4 25. Nc5 Nf5 26. Rad1 Rd8 27. Ne4 Rxd1 28. Rxd1 Qc7 29. h3 Bb7 30. Qe2 Qc6 31. Nxf6 Qh1+ 32. Kf2 Qg2+ 33. Ke1 Qxg3+ 34. Qf2 Kxf6 35. Qxg3 Nxg3 36. Rd7 Bd5 37. b3 a4 38. bxa4 bxa4 39. Ra7 Ne4 40. c4 Bc6 41. Rc7 Be8 42. c5 Nc3 43. Kd2 Nd5 44. Rc8 Bd7 45. Rd8 Ke7 46. Rg8 Be8 47. c6 Nc7 0-1

[Event "Barcelona op-A"]
[Site "Barcelona"]
[Date "2003.??.??"]
[Round "5"]
[White "Bosch Porta, David"]
[Black "Espuny Vinye, Ramon"]
[Result "1-0"]
[WhiteElo "2234"]
[BlackElo "2166"]
[PlyCount "39"]
[EventDate "2003.04.??"]
[EventType "swiss"]
[EventRounds "7"]
[EventCountry "ESP"]
[SourceTitle "EXT 2010"]
[Source "ChessBase"]
[SourceDate "2010.11.25"]
[SourceVersion "1"]
[SourceVersionDate "2010.11.25"]
[SourceQuality "1"]

1. e4 e6 2. d4 d5 3. e5 c5 4. c3 Qd7 5. Bd3 b6 6. Qe2 a5 7. Bb5 Nc6 8. Nf3 Qb7 9. 0-0 Bd7 10. Be3 cxd4 11. cxd4 Nh6 12. Nc3 Nf5 13. Rac1 h5 14. Bd3 g6 15. Nb5 Rc8 16. Bg5 Nb4 17. Rxc8+ Qxc8 18. Rc1 Nc6 19. Na7 Qb7 20. Nxc6 1-0

[Event "Barcelona op-A"]
[Site "Barcelona"]
[Date "2003.??.??"]
[Round "1"]
[White "Walter Travella, German"]
[Black "Bosch Porta, David"]
[Result "0-1"]
[WhiteElo "2087"]
[BlackElo "2234"]
[PlyCount "94"]
[EventDate "2003.04.??"]
[EventType "swiss"]
[EventRounds "7"]
[EventCountry "ESP"]
[SourceTitle "EXT 2010"]
[Source "ChessBase"]
[SourceDate "2010.11.25"]
[SourceVersion "1"]
[SourceVersionDate "2010.11.25"]
[SourceQuality "1"]

1. d4 f5 2. Bg5 h6 3. Bh4 d5 4. e4 g6 5. exf5 Bxf5 6. Bd3 Qd7 7. g4 Bxd3 8. Qxd3 Qxg4 9. Qb5+ Nd7 10. Ne2 Qxh4 11. Qxb7 Rb8 12. Qxc7 Ngf6 13. Nbc3 Bg7 14. Rg1 0-0 15. Rxg6 Kh7 16. Rg2 Qh3 17. Rg3 Qe6 18. Re3 Qf5 19. Rxe7 Rbe8 20. Rxe8 Rxe8 21. 0-0-0 Qxf2 22. Ng3 Re1 23. Rxe1 Qxe1+ 24. Nd1 Qe6 25. Qxa7 h5 26. Qa3 h4 27. Qd3+ Ne4 28. Nf1 Bh6+ 29. Kb1 Qf5 30. Nde3 Qf2 31. c4 Bxe3 32. Nxe3 Qg1+ 33. Nd1 Kg7 34. cxd5 Nf2 35. Qe2 Qxd1+ 36. Qxd1 Nxd1 37. Kc2 Ne3+ 38. Kd3 Ng4 39. Ke4 Nxh2 40. Kf4 Nf6 41. a4 Nhg4 42. a5 h3 43. a6 h2 44. a7 h1Q 45. a8Q Qe4+ 46. Kg5 Qe3+ 47. Kh4 Qh6+ 0-1

[Event "Hostafrancs op 3rd"]
[Site "Barcelona"]
[Date "2001.09.06"]
[Round "6"]
[White "Van Wessel, Rudy"]
[Black "Bosch Porta, David"]
[Result "1-0"]
[WhiteElo "2321"]
[BlackElo "2202"]
[PlyCount "95"]
[EventDate "2001.09.01"]
[EventType "swiss"]
[EventRounds "9"]
[EventCountry "ESP"]
[SourceTitle "CBM 084 Extra"]
[Source "ChessBase"]
[SourceDate "2001.10.26"]
[SourceVersion "1"]
[SourceVersionDate "2001.10.26"]
[SourceQuality "1"]

1. e4 e6 2. d4 d5 3. Nd2 Nf6 4. e5 Nfd7 5. c3 c5 6. Bd3 cxd4 7. cxd4 Nc6 8. Ngf3 f6 9. Qe2 Qc7 10. exf6 Nxf6 11. Nb3 Bd6 12. Bd2 0-0 13. Rc1 Qb6 14. 0-0 a5 15. Bc3 Bd7 16. Nc5 Rae8 17. Nxd7 Nxd7 18. Qc2 Nf6 19. a3 Qc7 20. Rfe1 Qf7 21. Qe2 Bf4 22. Rcd1 Qh5 23. h3 g5 24. Ne5 Qh6 25. Ng4 Qg7 26. g3 Bd6 27. Rd2 Nxg4 28. Qxg4 e5 29. dxe5 Bxe5 30. Rde2 Bxc3 31. Rxe8 Bxe1 32. Qe6+ Qf7 33. Rxf8+ Kxf8 34. Qxe1 Qf6 35. Qd2 b6 36. Bxh7 Nd4 37. Qe3 Nf3+ 38. Kg2 Ne5 39. Bd3 Kg7 40. Be2 Kg6 41. Bd3+ Kg7 42. Be2 Kg6 43. Qd4 Qe6 44. f4 Nc6 45. Bd3+ Kf7 46. Qxb6 d4 47. Qc5 Ke8 48. f5 1-0

[Event "Andorra op 19th"]
[Site "Andorra"]
[Date "2001.08.30"]
[Round "1"]
[White "Baklan, Vladimir"]
[Black "Bosch Porta, David"]
[Result "1-0"]
[WhiteElo "2613"]
[BlackElo "2218"]
[PlyCount "45"]
[EventDate "2001.06.30"]
[EventType "swiss"]
[EventRounds "9"]
[EventCountry "AND"]
[SourceTitle "CBM 083 Extra"]
[Source "ChessBase"]
[SourceDate "2001.09.11"]
[SourceVersion "1"]
[SourceVersionDate "2001.09.11"]
[SourceQuality "1"]

1. e4 e6 2. d4 d5 3. Nc3 Nf6 4. Bg5 dxe4 5. Nxe4 Be7 6. Bxf6 gxf6 7. Nf3 f5 8. Nc3 Bf6 9. Qd2 c5 10. dxc5 0-0 11. Rg1 e5 12. 0-0-0 e4 13. Bb5 Qxd2+ 14. Nxd2 Na6 15. Bxa6 bxa6 16. Nd5 Bg5 17. f4 Be6 18. Nxe4 Bxf4+ 19. Nxf4 fxe4 20. Rge1 Rac8 21. Rxe4 Rxc5 22. Rxe6 fxe6 23. Nxe6 1-0

[Event "Andorra op 19th"]
[Site "Andorra"]
[Date "2001.07.05"]
[Round "6"]
[White "Bosch Porta, David"]
[Black "Andres Gonzalez, Alberto"]
[Result "0-1"]
[WhiteElo "2218"]
[BlackElo "2407"]
[PlyCount "76"]
[EventDate "2001.06.30"]
[EventType "swiss"]
[EventRounds "9"]
[EventCountry "AND"]
[SourceTitle "CBM 083 Extra"]
[Source "ChessBase"]
[SourceDate "2001.09.11"]
[SourceVersion "1"]
[SourceVersionDate "2001.09.11"]
[SourceQuality "1"]

1. e4 g6 2. Nc3 c6 3. Qf3 Bg7 4. Bc4 e6 5. Qe2 b5 6. Bb3 a5 7. a3 Ba6 8. d3 d6 9. f4 Ne7 10. Nf3 Nd7 11. f5 Nc5 12. fxe6 f6 13. 0-0 b4 14. Nd1 Bxd3 15. cxd3 Nxb3 16. Rb1 Qc8 17. Qe1 c5 18. Bf4 Qxe6 19. Qg3 Rd8 20. Ne3 0-0 21. h4 d5 22. e5 fxe5 23. Bg5 e4 24. dxe4 dxe4 25. Bxe7 Qxe7 26. Ng5 Be5 27. Qh3 Bd4 28. Kh1 Bxe3 29. Qxe3 Nd4 30. Qxe4 Rxf1+ 31. Rxf1 Qxe4 32. Nxe4 Nb3 33. Rf2 Rd4 34. Re2 Nc1 35. Re3 Nd3 36. Kg1 Nxb2 37. Nxc5 Nc4 38. Re7 bxa3 0-1

[Event "Sitges op 26th"]
[Site "Sitges"]
[Date "2000.07.23"]
[Round "3"]
[White "Bosch Porta, David"]
[Black "Marin, Mihail"]
[Result "0-1"]
[WhiteElo "2244"]
[BlackElo "2557"]
[PlyCount "60"]
[EventDate "2000.07.??"]
[EventType "swiss"]
[EventRounds "7"]
[EventCountry "ESP"]
[SourceTitle "EXT 2001"]
[Source "ChessBase"]
[SourceDate "2000.11.22"]
[SourceVersion "1"]
[SourceVersionDate "2000.11.22"]
[SourceQuality "1"]

1. e4 d6 2. d4 Nf6 3. Nc3 g6 4. g3 Bg7 5. Bg2 0-0 6. Nge2 e5 7. h3 c6 8. a4 a5 9. 0-0 Na6 10. Be3 Nb4 11. g4 h5 12. g5 Nh7 13. dxe5 dxe5 14. Qc1 Be6 15. b3 f6 16. h4 fxg5 17. hxg5 Rf7 18. Na2 Nxa2 19. Rxa2 Qc7 20. c4 Raf8 21. Bc5 Re8 22. Be3 Bc8 23. f4 exf4 24. Bxf4 Be5 25. Qe3 Ref8 26. Bxe5 Rxf1+ 27. Bxf1 Qxe5 28. Nc1 Nxg5 29. Bg2 Bh3 30. Nd3 Nf3+ 0-1

[Event "Barbera del Valles op"]
[Site "Barbera del Valles"]
[Date "2000.??.??"]
[Round "3"]
[White "Bosch Porta, David"]
[Black "Gonzalez Velez, Fermin"]
[Result "0-1"]
[WhiteElo "2244"]
[BlackElo "2375"]
[PlyCount "78"]
[EventDate "2000.07.??"]
[EventType "swiss"]
[EventRounds "9"]
[EventCountry "ESP"]
[SourceTitle "EXT 2003"]
[Source "ChessBase"]
[SourceDate "2002.11.25"]
[SourceVersion "1"]
[SourceVersionDate "2002.11.25"]
[SourceQuality "1"]

1. e4 c5 2. Nf3 a6 3. c3 e6 4. d4 d5 5. e5 Bd7 6. Be2 cxd4 7. cxd4 Bb5 8. Nc3 Bxe2 9. Qxe2 Ne7 10. h4 Nec6 11. Bg5 Qb6 12. Rd1 h6 13. Be3 Bb4 14. h5 Nd7 15. g4 0-0-0 16. g5 Kb8 17. gxh6 gxh6 18. Qd2 Na5 19. 0-0 f6 20. Bf4 Nc4 21. Qe2 fxe5 22. dxe5 Rdg8+ 23. Kh2 Rg4 24. Bg3 Ka8 25. Nxd5 exd5 26. Rxd5 Qe6 27. Rfd1 Ncb6 28. R5d3 Rhg8 29. Nd4 Qe8 30. e6 Nf6 31. Qe5 Rxg3 32. Rxg3 Rxg3 33. Qxf6 Rg5 34. Qf7 Bd6+ 35. Kh3 Rxh5+ 36. Kg4 Rg5+ 37. Kf3 Qc8 38. Nf5 Qc6+ 39. Ke3 Nc4+ 0-1

[Event "Catalunya op-A"]
[Site "Spain"]
[Date "2000.??.??"]
[Round "6"]
[White "Bosch Porta, David"]
[Black "Ibanez Tarradellas, Eduardo"]
[Result "0-1"]
[WhiteElo "2240"]
[BlackElo "2235"]
[PlyCount "84"]
[EventDate "2000.??.??"]
[EventType "swiss"]
[EventRounds "9"]
[EventCountry "ESP"]
[SourceTitle "EXT 2003"]
[Source "ChessBase"]
[SourceDate "2002.11.25"]
[SourceVersion "1"]
[SourceVersionDate "2002.11.25"]
[SourceQuality "1"]

1. e4 c5 2. Nc3 e6 3. Nge2 a6 4. a4 b6 5. g3 Bb7 6. Bg2 d6 7. 0-0 Nc6 8. d4 cxd4 9. Nxd4 Qc7 10. Re1 Nf6 11. h3 Be7 12. Nb3 0-0 13. f4 Rac8 14. Be3 Nd7 15. g4 Na5 16. Nxa5 bxa5 17. g5 Nb6 18. Qe2 e5 19. f5 Nc4 20. Bc1 Nxb2 21. Bxb2 Qb6+ 22. Qf2 Qxb2 23. f6 Bd8 24. Rab1 Qxc3 25. fxg7 Kxg7 26. Rxb7 Qc5 27. h4 Qxf2+ 28. Kxf2 Rxc2+ 29. Kg3 h6 30. Rd1 hxg5 31. h5 Bc7 32. Rdb1 f5 33. exf5 Rxf5 34. h6+ Kxh6 35. Rh1+ Kg7 36. Be4 Rc3+ 37. Kg2 Rf7 38. Ra7 g4 39. Ra8 Bb6 40. Rh7+ Kf6 41. Rxa6 Rxh7 42. Bxh7 Bc7 0-1

[Event "Catalunya op-A"]
[Site "Spain"]
[Date "2000.??.??"]
[Round "5"]
[White "Obon Temprano, Sergi"]
[Black "Bosch Porta, David"]
[Result "0-1"]
[WhiteElo "2040"]
[BlackElo "2240"]
[PlyCount "66"]
[EventDate "2000.??.??"]
[EventType "swiss"]
[EventRounds "9"]
[EventCountry "ESP"]
[SourceTitle "EXT 2003"]
[Source "ChessBase"]
[SourceDate "2002.11.25"]
[SourceVersion "1"]
[SourceVersionDate "2002.11.25"]
[SourceQuality "1"]

1. Nf3 f5 2. c4 g6 3. g3 Bg7 4. Bg2 d6 5. Nc3 c6 6. 0-0 Nh6 7. d4 0-0 8. Ng5 e5 9. dxe5 dxe5 10. Qxd8 Rxd8 11. Be3 Ng4 12. Rad1 Re8 13. Bc5 h6 14. Nf3 Nd7 15. Bd6 e4 16. Nd2 e3 17. f3 Nf2 18. Rb1 exd2 19. Rxf2 Bd4 20. Rd1 Nb6 21. Bf4 Bxf2+ 22. Kxf2 g5 23. Bxd2 Nxc4 24. Bc1 Be6 25. b3 Nb6 26. f4 g4 27. e4 Rad8 28. e5 Rxd1 29. Nxd1 Rd8 30. Ne3 Nd5 31. Bxd5 cxd5 32. Ke2 d4 33. Nd1 a5 0-1

[Event "Foment Martinenc op"]
[Site "Barcelona"]
[Date "1998.??.??"]
[Round "?"]
[White "Bosch Porta, David"]
[Black "Gomez Jurado, Luis Alberto"]
[Result "0-1"]
[WhiteElo "2225"]
[BlackElo "2295"]
[PlyCount "52"]
[EventDate "1998.??.??"]
[EventType "swiss"]
[EventRounds "9"]
[EventCountry "ESP"]
[SourceTitle "EXT 2003"]
[Source "ChessBase"]
[SourceDate "2002.11.25"]
[SourceVersion "1"]
[SourceVersionDate "2002.11.25"]
[SourceQuality "1"]

1. e4 c5 2. Nf3 Nc6 3. c3 e6 4. d4 d5 5. e5 cxd4 6. cxd4 Qb6 7. Nc3 Bd7 8. Bd3 Nxd4 9. Nxd4 Qxd4 10. 0-0 a6 11. Qe2 Ne7 12. Kh1 Nc6 13. f4 Nb4 14. Bb1 Qc4 15. Qf3 d4 16. Ne4 Bc6 17. f5 d3 18. fxe6 0-0-0 19. Bg5 Bxe4 20. Qg4 fxe6 21. Bxd8 Kxd8 22. Re1 Bf5 23. Qg5+ Be7 24. Qd2 Rf8 25. a3 Nc2 26. Bxc2 Qxc2 0-1